书目信息 |
| 题名: |
罗斯福传
|
|
| 作者: | 孙立军 主编 | |
| 分册: | ||
| 出版信息: | 南昌 江西教育出版社 2018 |
|
| 页数: | 180页 | |
| 开本: | 21cm | |
| 丛书名: | 名人励志传记丛书 | |
| 单 册: | ||
| 中图分类: | K837.127=52 | |
| 科图分类: | ||
| 主题词: | ||
| 电子资源: | ||
| ISBN: | 978-7-5705-0490-9 | |
| 000 | 00938nam0 2200265 450 | |
| 001 | 012001009341 | |
| 005 | 20140101133551.0 | |
| 010 | @a978-7-5705-0490-9@dCNY36.00 | |
| 099 | @aCAL 012019033864 | |
| 100 | @a20190327d2018 em y0chiy50 ea | |
| 101 | 0 | @achi |
| 102 | @aCN@b360000 | |
| 105 | @aa z 000yb | |
| 106 | @ar | |
| 200 | 1 | @a罗斯福传@Aluo si fu zhuan@b专著@dRoosevelt@f孙立军主编@zeng |
| 210 | @a南昌@c江西教育出版社@d2018 | |
| 215 | @a180页@c图@d21cm | |
| 225 | 1 | @a名人励志传记丛书 |
| 330 | @a本书描绘了政治家富兰克林·罗斯福坚强的一生,介绍了他复杂的个性、他的事业理想、他的视野以及他与那个时代许多著名人物的关系,除了他的社会生活以外,还介绍了他的个人生活。 | |
| 510 | 1 | @aRoosevelt@zeng |
| 600 | 0 | @c(Roosevelt Franklin Delano@a罗斯福@f1882-1945)@x传记 |
| 690 | @aK837.127=52@v5 | |
| 701 | 0 | @a孙立军@ASun Lijun@f1964-@4主编 |
| 801 | 0 | @aCN@b上海新华@c20191020 |
| 905 | @b1187819-22@dK837.127=52@e1079@f4 | |
| 罗斯福传=Roosevelt/孙立军主编.-南昌:江西教育出版社,2018 |
| 180页:图;21cm.-(名人励志传记丛书) |
| ISBN 978-7-5705-0490-9:CNY36.00 |
| 本书描绘了政治家富兰克林·罗斯福坚强的一生,介绍了他复杂的个性、他的事业理想、他的视野以及他与那个时代许多著名人物的关系,除了他的社会生活以外,还介绍了他的个人生活。 |
| ● |
| 相关链接 |
|
|
|
|
正题名:罗斯福传
索取号:K837.127=52/1079
 
预约/预借
| 序号 | 登录号 | 条形码 | 馆藏地/架位号 | 状态 | 备注 |
| 1 | 1187819 | 211878191 | 第二样本阅览室/ [索取号:K837.127=52/1079] | 在馆 | |
| 2 | 1187820 | 211878208 | 第二借阅区/ [索取号:K837.127=52/1079] | 在馆 | |
| 3 | 1187821 | 211878217 | 第二借阅区/ [索取号:K837.127=52/1079] | 在馆 | |
| 4 | 1187822 | 211878226 | 第二借阅区/ [索取号:K837.127=52/1079] | 在馆 |